000 00469cam a22002054a 4500
005 20250605164319.0
008 250528s ||||||||||||||||||||||||d
035 _a22825
020 _a9780205540877
040 _aGR-AtMCL
_bgre
_dGR-AtMCL
_eAACR2
245 1 _aLIFESPAN DEVELOPMENT
250 _a5
260 _bPearson,
_c2009
300 _a678
700 1 _aBee Helen
_92896
700 1 _aBoyd Denise
_96951
942 _cBK
999 _c7870
_d7870